Normal view
MARC view
Entry Topical Term
001 - CONTROL NUMBER
- control field: 52139
003 - CONTROL NUMBER IDENTIFIER
- control field: OSt
005 - DATE AND TIME OF LATEST TRANSACTION
- control field: 20250417145617.0
008 - FIXED-LENGTH DATA ELEMENTS
- fixed length control field: 250417|| aca||aabn | a|a d
040 ## - CATALOGING SOURCE
- Original cataloging agency: OSt
- Transcribing agency: OSt
150 ## - HEADING--TOPICAL TERM
- Topical term or geographic name entry element: Democracy, India, Procedural democracy, Substantive democracy, Political equality, Participation, State capacity.
670 ## - SOURCE DATA FOUND
- Source citation: Work cat.: (OSt): Singh, Tanuja and Kumar, Pawan 52138, Revitalizing India’s democratic legacy: Time for transformative spirit
